000 00526nam a2200181Ia 4500
003 GCL
008 140319s9999 xx 000 0 eng d
040 _aGCL /
_cGCL
082 0 4 _a338.27282
_bC O
100 1 _aCRYSTAL, JILL
245 1 0 _aOIL AND POLITICS IN THE GULF: RULERS AND MERCHANTS IN KUWAIT AND QATAR /
_cCRYSTAL, JILL
260 _a[S.N] :
_bCAMBRIDGE UNIVERSITY PRESS ،
_c1995
300 _a242 P
650 0 4 _aPOLITICAL ASPECTS
650 0 4 _aMIDDLE EAST
650 0 4 _aPETROLEUM - INDUSTRY
942 _2ddc
_cBK
999 _c13984
_d13984